书目信息 |
| 题名: |
布卢姆教育目标分类学
|
|
| 作者: | 安德森 编著 ;蒋小平 , 张琴美 , 罗晶晶 翻译 | |
| 分册: | ||
| 出版信息: | 北京 外语教学与研究出版社 2009.11 |
|
| 页数: | 12, 266页 | |
| 开本: | 23cm | |
| 丛书名: | ||
| 单 册: | ||
| 中图分类: | G40-011 | |
| 科图分类: | ||
| 主题词: | 教育目的--分类--研究 | |
| 电子资源: | ||
| ISBN: | 978-7-5600-9110-5 | |
| 000 | 01545nam0 2200313 450 | |
| 001 | 0108153915 | |
| 005 | 20210308154404.0 | |
| 010 | @a978-7-5600-9110-5@dCNY59.90 | |
| 100 | @a20210307e20192009em y0chiy50 ea | |
| 101 | 1 | @achi@ceng |
| 102 | @aCN@b110000 | |
| 105 | @ay z 000yy | |
| 106 | @ar | |
| 200 | 1 | @a布卢姆教育目标分类学@Abu lu mu jiao yu mu biao fen lei xue@dA taxonomy for learning, teaching, and assessing@e分类学视野下的学与教及其测评@e完整版@ea revision of Bloom's taxonomy of educational objectives@ecomplete edition@f洛林·W. 安德森(Lorin W. Anderson)等编著@g蒋小平,张琴美,罗晶晶翻译@zeng |
| 210 | @a北京@c外语教学与研究出版社@d2009.11@h2019.11 | |
| 215 | @a12, 266页@c图表@d23cm | |
| 304 | @a编著者还有:戴维·R. 克拉斯沃尔(David R. Krathwohl)等7人 | |
| 305 | @a由培生教育出版集团授权出版 据原书修订版译出 | |
| 330 | @a本书内容分为“分类学:教育的目标与学生的学习”、“修订版分类体系的结构”、“分类学的应用”、“分类学的展望”四部分。 | |
| 510 | 1 | @aTaxonomy for learning, teaching, and assessing@ea revision of bloom's taxonomy of educational objectives@ecomplete edition@zeng |
| 517 | 1 | @a分类学视野下的学与教及其测评@Afen lei xue shi ye xia de xue yu jiao ji qi ce ping |
| 606 | 0 | @a教育目的@x分类@x研究 |
| 690 | @aG40-011@v5 | |
| 701 | 0 | @a安德森@Aan de sen@4编著@c(美)@c(Anderson, Lorin W.) |
| 702 | 0 | @a蒋小平@Ajiang xiao ping@4翻译 |
| 702 | 0 | @a张琴美@Azhang qin mei@4翻译 |
| 702 | 0 | @a罗晶晶@Aluo jing jing@4翻译 |
| 801 | 0 | @aCN@bBJSZM@c20210308 |
| 905 | @b1272999-3002@dG40-011@e1215@f4 | |
| 布卢姆教育目标分类学=A taxonomy for learning, teaching, and assessing:分类学视野下的学与教及其测评:完整版:a revision of Bloom's taxonomy of educational objectives:complete edition/洛林·W. 安德森(Lorin W. Anderson)等编著/蒋小平,张琴美,罗晶晶翻译.-北京:外语教学与研究出版社,2009.11(2019.11) |
| 12, 266页:图表;23cm |
| ISBN 978-7-5600-9110-5:CNY59.90 |
| 本书内容分为“分类学:教育的目标与学生的学习”、“修订版分类体系的结构”、“分类学的应用”、“分类学的展望”四部分。 |
| ● |
| 相关链接 |
|
|
|
|
正题名:布卢姆教育目标分类学
索取号:G40-011/1215
 
预约/预借
| 序号 | 登录号 | 条形码 | 馆藏地/架位号 | 状态 | 备注 |
| 1 | 1272999 | 212729993 | 第一样本阅览室/ [索取号:G40-011/1215] | 在馆 | |
| 2 | 1273000 | 212730008 | 教育系资料室/ [索取号:G40-011/1215] | 在馆 | |
| 3 | 1273001 | 212730017 | 教育系资料室/ [索取号:G40-011/1215] | 在馆 | |
| 4 | 1273002 | 212730026 | 第四借阅区/ [索取号:G40-011/1215] | 在馆 |